| 000 | 00649cam a22002413a 4500 | ||
|---|---|---|---|
| 001 | 37292 | ||
| 003 | PGUSA | ||
| 005 | 20140828083822.0 | ||
| 008 | 110902s2011||||xxu|||||s|||||000 | eng d | ||
| 040 |
_aPGUSA _beng |
||
| 042 | _adc | ||
| 050 | 4 | _aBV | |
| 245 | 1 | 0 |
_aThoughts for the Quiet Hour _h[electronic resource] |
| 260 |
_bProject Gutenberg, _c2011 |
||
| 506 | _aPublic domain in the USA. | ||
| 516 | _aElectronic text | ||
| 653 | _aMeditations | ||
| 653 | _aDevotional calendars | ||
| 700 | 1 |
_aMoody, Dwight Lyman, _d1837-1899 |
|
| 830 | 0 |
_aProject Gutenberg _v37292 |
|
| 856 | 4 | 0 | _uhttp://www.gutenberg.org/ebooks/37292 |
| 942 | _cEB | ||
| 999 |
_c266546 _d266546 |
||